<?xml version="1.0" encoding="UTF-8"?>
<collection xmlns="http://www.loc.gov/MARC21/slim">
    <record>
        <controlfield tag="001">98084</controlfield>
        <controlfield tag="005">20210118122903.0</controlfield>
        <datafield tag="037" ind1=" " ind2=" ">
            <subfield code="a">TAZ-TFG-2020-2503</subfield>
        </datafield>
        <datafield tag="041" ind1=" " ind2=" ">
            <subfield code="a">spa</subfield>
        </datafield>
        <datafield tag="100" ind1="1" ind2=" ">
            <subfield code="a">Giménez Jal, Sandra</subfield>
        </datafield>
        <datafield tag="242" ind1="0" ind2="0">
            <subfield code="a">Acquisition of the foreign language (English) in Preschool Education through the use of the communicative approach and music: TPR and routines</subfield>
        </datafield>
        <datafield tag="245" ind1="0" ind2="0">
            <subfield code="a">Adquisición de la lengua extranjera (Inglés) en Educación Infantil mediante el uso del enfoque comunicativo y la música: TPR y rutinas</subfield>
        </datafield>
        <datafield tag="260" ind1=" " ind2=" ">
            <subfield code="a">Zaragoza</subfield>
            <subfield code="b">Universidad de Zaragoza</subfield>
            <subfield code="c">2020</subfield>
        </datafield>
        <datafield tag="506" ind1=" " ind2=" ">
            <subfield code="a">by-nc-sa</subfield>
            <subfield code="b">Creative Commons</subfield>
            <subfield code="c">3.0</subfield>
            <subfield code="u">http://creativecommons.org/licenses/by-nc-sa/3.0/</subfield>
        </datafield>
        <datafield tag="520" ind1=" " ind2=" ">
            <subfield code="a">El siguiente trabajo académico plantea un cambio en la metodología de la enseñanza,&lt;br />mediante el cual se fomente el enfoque comunicativo, promoviendo una metodología&lt;br />activa dejando atrás la metodología tradicional. Además es fundamental no presionar a&lt;br />los alumnos ya que cuando estén preparados, adquirirán la lengua extranjera del mismo&lt;br />modo que la lengua materna. Para lograr dicho objetivo se van a utilizar algunos&lt;br />instrumentos útiles en Educación Infantil, los cuales son la música, el método Total&lt;br />Physical Response y las rutinas. La música es un instrumento muy atractivo y útil para&lt;br />los niños en estas etapas. Además utilizando el Total Physical Response y las rutinas&lt;br />estará incluido el movimiento, aspecto eficaz y motivador de la misma manera en&lt;br />Educación Infantil. De este modo los niños aprenderán la segunda lengua de un modo&lt;br />natural y lúdico. &lt;br />&lt;br /></subfield>
        </datafield>
        <datafield tag="521" ind1=" " ind2=" ">
            <subfield code="a">Graduado en Magisterio en Educación Infantil</subfield>
        </datafield>
        <datafield tag="540" ind1=" " ind2=" ">
            <subfield code="a">Derechos regulados por licencia Creative Commons</subfield>
        </datafield>
        <datafield tag="700" ind1=" " ind2=" ">
            <subfield code="a">Yebra Pertusa, José María</subfield>
            <subfield code="e">dir.</subfield>
        </datafield>
        <datafield tag="710" ind1="2" ind2=" ">
            <subfield code="a">Universidad de Zaragoza</subfield>
            <subfield code="b">Ciencias de la Educación</subfield>
            <subfield code="c"></subfield>
        </datafield>
        <datafield tag="856" ind1="0" ind2=" ">
            <subfield code="f">737982@unizar.es</subfield>
        </datafield>
        <datafield tag="856" ind1="4" ind2=" ">
            <subfield code="s">1155825</subfield>
            <subfield code="u">http://zaguan.unizar.es/record/98084/files/TAZ-TFG-2020-2503.pdf</subfield>
            <subfield code="y">Memoria (spa)</subfield>
        </datafield>
        <datafield tag="909" ind1="C" ind2="O">
            <subfield code="o">oai:zaguan.unizar.es:98084</subfield>
            <subfield code="p">driver</subfield>
            <subfield code="p">trabajos-fin-grado</subfield>
        </datafield>
        <datafield tag="950" ind1=" " ind2=" ">
            <subfield code="a"></subfield>
        </datafield>
        <datafield tag="951" ind1=" " ind2=" ">
            <subfield code="a">deposita:2021-01-18</subfield>
        </datafield>
        <datafield tag="980" ind1=" " ind2=" ">
            <subfield code="a">TAZ</subfield>
            <subfield code="b">TFG</subfield>
            <subfield code="c">FCHE</subfield>
        </datafield>
        <datafield tag="999" ind1=" " ind2=" ">
            <subfield code="a">20200629092435.CREATION_DATE</subfield>
        </datafield>
    </record>

    
</collection>